Termék életciklus menedzsment regionális környezetben A több országot lefedő termékmenedzsment jelenkori feladatai egy konkrét terméken bemutatva

Bibliographic Details
Main Author: Gál András
Other Authors: Kopcsay Dr. László
Format: Thesis
Kulcsszavak:sony
életciklus
fejhallgató
regionális
Online Access:http://dolgozattar.uni-bge.hu/10057

MARC

LEADER 00000nta a2200000 i 4500
001 dolg10057
005 20220627133524.0
008 170502suuuu hu om 000 hun d
040 |a BGE Dolgozattár Repozitórium  |b hun 
041 |a hu 
100 1 |a Gál András 
245 1 0 |a Termék életciklus menedzsment regionális környezetben   |b A több országot lefedő termékmenedzsment jelenkori feladatai egy konkrét terméken bemutatva  |c Gál András  |h [elektronikus dokumentum] 
695 |a sony 
695 |a életciklus 
695 |a fejhallgató 
695 |a regionális 
700 1 |a Kopcsay Dr. László  |e ths 
856 4 0 |u http://dolgozattar.uni-bge.hu/10057/1/Term%C3%A9k%20%C3%A9letciklus%20menedzsment%20region%C3%A1lis%20k%C3%B6rnyzetben_G%C3%A1l%20Andr%C3%A1s_Szakdolgozat_BGF_Marketing_MSc.pdf  |z Dokumentum-elérés 
856 4 0 |u http://dolgozattar.uni-bge.hu/10057/7/HivatalosBejegyzes%20G%C3%A1l%20Andr%C3%A1s.pdf  |z Dokumentum-elérés